| 000 | 00447nam a22001337a 4500 | ||
|---|---|---|---|
| 082 |
_a63.7392 _bEME _cD |
||
| 100 |
_aKang-rae cho _938198 |
||
| 245 |
_aEmerging Issues in asia proceeding of he second iuappa regional conference on air pollution _bKang-rae cho , dong-sool kim |
||
| 260 |
_aSeoul, korea _bThe world bank washington, D.C |
||
| 300 | _av, 379 p.: | ||
| 526 |
_a0 _b0 _c0 _d63_739200000000000_EME |
||
| 650 | _aMCE (D) | ||
| 942 |
_2ddc _cBK |
||
| 999 |
_c542846 _d542846 |
||